UEFA CLUB - Statistics

General Stats
  • This quiz has been taken 8 times
  • The average score is 50 of 164
Answer Stats
Answer % Correct
Bayern
100%
Dortmund
100%
Leipzig
100%
Ajax
80%
Arsenal
80%
Barcelona
80%
Chelsea
80%
Crystal Palace
80%
Juventus
80%
Leeds
80%
Liverpool
80%
Lyon
80%
Marseille
80%
Newcastle
80%
Nice
80%
Paris
80%
Real Madrid
80%
Union Berlin
80%
Aston Villa
60%
Atlético
60%
Bologna
60%
Espanyol
60%
Everton
60%
Fulham
60%
Inter
60%
Leicester
60%
Lens
60%
Leverkusen
60%
Man City
60%
Man United
60%
Milan
60%
Monaco
60%
Mönchengladbach
60%
Montpellier
60%
Nantes
60%
PSV
60%
Rennes
60%
Roma
60%
Sevilla
60%
Tottenham
60%
Valencia
60%
Verona
60%
West Ham
60%
Wolves
60%
Aberdeen
40%
Anderlecht
40%
Angers
40%
Antwerp
40%
Atalanta
40%
Auxerre
40%
Betis
40%
Bournemouth
40%
Brighton
40%
Celtic
40%
Club Brugge
40%
Fiorentina
40%
Frankfurt
40%
Hertha
40%
Lazio
40%
Lorient
40%
Napoli
40%
Rangers
40%
Reims
40%
Sampdoria
40%
Southampton
40%
Sparta
40%
Stuttgart
40%
Torino
40%
Troyes
40%
Udinese
40%
Utrecht
40%
Ajaccio
20%
Augsburg
20%
AZ Alkmaar
20%
Benfica
20%
Boavista
20%
Braga
20%
Bremen
20%
Brentford
20%
Cádiz
20%
Cambuur
20%
Celta
20%
Charleroi
20%
Clermont
20%
Dundee United
20%
Empoli
20%
Estoril
20%
Feyenoord
20%
Freiburg
20%
Groningen
20%
Hearts
20%
Heerenveen
20%
Hibernian
20%
Hoffenheim
20%
Köln
20%
LOSC
20%
Mainz
20%
Mallorca
20%
Mechelen
20%
Motherwell
20%
Osasuna
20%
Porto
20%
Rayo Vallecano
20%
Real Sociedad
20%
RKC
20%
Schalke
20%
Standard Liège
20%
Strasbourg
20%
Toulouse
20%
Twente
20%
Villarreal
20%
Vitesse
20%
Wolfsburg
20%
Almería
0%
Arouca
0%
Athletic Club
0%
Bochum
0%
Casa Pia
0%
Cercle Brugge
0%
Chaves
0%
Cremonese
0%
Elche
0%
Emmen
0%
Eupen
0%
Excelsior
0%
Famalicao
0%
Fortuna Sittard
0%
Genk
0%
Gent
0%
Getafe
0%
Gil Vicente
0%
Girona
0%
Go Ahead Eagles
0%
Kilmarnock
0%
Kortrijk
0%
Lecce
0%
Leuven
0%
Livingston
0%
Marítimo
0%
Monza
0%
NEC
0%
Nottm Forest
0%
Oostende
0%
Paços Ferreira
0%
Portimonense
0%
Rio Ave
0%
Ross County
0%
Salernitana
0%
Santa Clara
0%
Sassuolo
0%
Seraing
0%
Sint-Truiden
0%
Spezia
0%
Sporting CP
0%
St Johnstone
0%
St Mirren
0%
Union Saint-Gilloise
0%
Valladolid
0%
Vitória SC
0%
Vizela
0%
Volendam
0%
Westerlo
0%
Zulte Waregem
0%
No matching quizzes found
Score Distribution
Percent of People with Each Score
Percentile by Number Answered
Your Score History
You have not taken this quiz